000 00584nam a2200205 a 4500
005 20240823063759.0
008 991125s1978 mx 000 0 spa u
035 _aUPN01000002600
040 _aUPN
_bspa
_cUPN
049 _aCG
050 4 _aBF199
_bA54
245 0 0 _aAnálisis de la conducta :
_btrabajos de investigación en Latinoamérica /
_ccomp. Paulo Speller.
250 _a1a ed.
260 _aMéxico :
_bTrillas,
_c1978.
300 _a440 p.
650 4 _aConducta (Psicología)
_94460
700 1 _aSpeller, Paulo
_ecomp.
_944232
905 _aLibro
942 _2lcc
_cLIBRO
999 _c2600
_d2600